What went wrong? : Western impact and Middle Eastern response /
محفوظ في:
المؤلف الرئيسي:
التنسيق: كتاب
اللغة: English
منشور في:
Oxford ; New York :
Oxford University Press,
2002.
الموضوعات:
الوسوم: إضافة وسم
لا توجد وسوم, كن أول من يضع وسما على هذه التسجيلة!
رقم الطلب: DS62.4 .L488 2002
| LEADER | 01010cam a22002654a 4500 | ||
|---|---|---|---|
| 001 | ocm51684486 | ||
| 003 | OSt | ||
| 005 | 20241017070658.0 | ||
| 008 | 010605s2002 enka b 001 0 eng | ||
| 999 | |c 55592 |d 55592 | ||
| 010 | |z 2001036214 | ||
| 020 | |a 0195144201 | ||
| 020 | |a 9780195144208 | ||
| 040 | |c ARCE Library | ||
| 043 | |a aw----- | ||
| 050 | 4 | |a DS62.4 .L488 2002 | |
| 100 | 1 | |a Lewis, Bernard. | |
| 245 | 1 | 0 | |a What went wrong? : |b Western impact and Middle Eastern response / |c Bernard Lewis. |
| 264 | 1 | |a Oxford ; |a New York : |b Oxford University Press, |c 2002. | |
| 300 | |a 180 pages : |b illustrations ; |c 22 cm. | ||
| 504 | |a Includes bibliographical references and index. | ||
| 505 | 0 | |a 1. The Lessons of the Battlefield 2. The Quest for Wealth and Power 3. Social and Cultural Barriers 4. Modernization and Social Equality 5. Secularism and the Civil Society 6. Time, Space, and Modernity 7. Aspects of Cultural Change. | |
| 651 | 0 | |a Middle East |x History |y 1517- | |
| 901 | |a reviewed | ||
| 942 | |2 lcc |c BK | ||
